What's up in the attic? / (Record no. 2078)

MARC details
000 -LEADER
fixed length control field 01093nam a2200301 a 4500
005 - DATE AND TIME OF LATEST TRANSACTION
control field 20240430082958.0
020 ## - INTERNATIONAL STANDARD BOOK NUMBER
International Standard Book Number 0307010082
020 ## - INTERNATIONAL STANDARD BOOK NUMBER
International Standard Book Number 033500001086
040 ## - CATALOGING SOURCE
Original cataloging agency DLC
Transcribing agency DLC
Modifying agency DLC
Language of cataloging eng
050 00 - LIBRARY OF CONGRESS CALL NUMBER
Classification number PZ7.A37735
Item number Wh 1987
082 00 - DEWEY DECIMAL CLASSIFICATION NUMBER
Classification number 813.54
100 1# - MAIN ENTRY--PERSONAL NAME
Personal name Alexander, Liza
245 10 - TITLE STATEMENT
Title What's up in the attic? /
Statement of responsibility, etc. by Liza Alexander ; illustrated by Tom Cooke ; featuring Jim Henson's Sesame Street Muppets.
260 ## - PUBLICATION, DISTRIBUTION, ETC.
Place of publication, distribution, etc. Racine :
Name of publisher, distributor, etc. Western Publishing Company in conjunction with Children's Television Workshop,
Date of publication, distribution, etc. 1987
300 ## - PHYSICAL DESCRIPTION
Extent 23 unnumbered pages :
Dimensions 20 cm .
Other physical details color illustrations ;
490 0# - SERIES STATEMENT
Series statement A Little golden book
500 ## - GENERAL NOTE
General note "A Sesame Street/Golden Press book."
505 ## - FORMATTED CONTENTS NOTE
Formatted contents note H
520 ## - SUMMARY, ETC.
Summary, etc. On a rainy afternoon Ernie and Bert entertain themselves with the wonderful treasures to be found in an attic.
521 ## - TARGET AUDIENCE NOTE
Target audience note 500
Source Lexile estimate
521 ## - TARGET AUDIENCE NOTE
Target audience note H
Source Raz-Plus
650 #1 - SUBJECT ADDED ENTRY--TOPICAL TERM
Topical term or geographic name entry element Puppets
General subdivision Fiction.
650 #1 - SUBJECT ADDED ENTRY--TOPICAL TERM
Topical term or geographic name entry element Attics
General subdivision Fiction.
700 1# - ADDED ENTRY--PERSONAL NAME
Personal name Cooke, Tom
Relator term Illustrator
906 ## - LOCAL DATA ELEMENT F, LDF (RLIN)
a 7
b cbc
c orignew
d 2
e opcn
f 19
g y-gencatlg
942 ## - ADDED ENTRY ELEMENTS (KOHA)
Source of classification or shelving scheme Dewey Decimal Classification
Koha item type Books
Suppress in OPAC No
999 ## -
-- 2078
-- 2078
Holdings
Withdrawn status Lost status Source of classification or shelving scheme Damaged status Not for loan Collection Home library Current library Shelving location Date acquired Total Checkouts Full call number Barcode Date last seen Price effective from Koha item type
    Dewey Decimal Classification     Juvenile Fiction Footprints International School Library Network Toul Kork Campus Footprints International School Library Network Toul Kork Campus   11/03/2023   ALE 813.54 PZ7.A37735 FISBK00594 11/03/2023 11/03/2023 Books